000
00339nam a2200145Ia 4500
008
191201s2015 xx 000 0 und d
082
_a
658.083
_b
JAB
100
_a
JAIN, T R
245
0
_a
Business Statistics
250
_a
Latest
260
_a
N. delhi
_b
V K Enterprises
_c
2015
300
_a
540+346
650
_a
MCA
942
_2
ddc
_c
BK
_0
1
999
_c
5012
_d
5012